Представление документа в формате MARC21

ПолеНазваниеЗначение
  Тип записи a
  Библиографический уровень m
001 Контрольный номер RU\infra-m\znanium\bibl\2236027
005 Дата корректировки 20260429142132.6
008 Кодируемые данные 260120s2025 RU g rus u
020 Индекс ISBN __
a ISBN 978-5-00139-692-5
040 Источник каталогиз. __
a Служба первич. каталог. Общество с ограниченной ответственностью «ЗНАНИУМ»
041 Код языка издания __
a Код языка текста rus
044 Код страны публикации __
a Код страны публикации RU
080 Индекс УДК __
a Индекс УДК 59
084 Индекс другой классификации/Индекс ББК __
2 Источник индекса rubbk
a Индекс другой классификации/Индекс ББК 286
100 Автор __
a Автор Сафина К.
q Полное имя Сафина Карл
245 Заглавие __
a Заглавие Глазами альбатроса
b Продолж. заглавия Научно-популярная литература
250 Сведения об издании __
a Основные сведения об издании 1
260 Выходные данные __
a Место издания Москва
b Издательство ООО "Альпина нон-фикшн"
c Дата издания 2026
300 Физическое описание __
a Объем 624 с.
520 Аннотация __
a Аннотация В этой книге известный американский эколог и зоолог Карл Сафина отправляется в путешествие вслед за альбатросами в надежде что они откроют ему свой мир. Проводником в путешествии становится вполне реальный альбатрос по кличке Амелия. На наших глазах разворачивается драматичная и поэтическая история борьбы и надежды исключительной выносливости и жизненной стойкости. Стремясь узнать больше об альбатросах попутно автор знакомится со многими представителями дикой природы обитающими в океане. Сафине удается не просто увидеть мир в котором они живут но и взглянуть на него их глазами. Сплетая метафорическое с реальным он гармонично сочетает научные и исторические факты с приключениями и захватывающими сюжетными поворотами. Вместе с Амелией мы перемещаемся в пространстве и времени проникая в отдаленные и неприступные края обитания альбатросов. Книга «Глазами альбатроса» была удостоена медали Джона Берроуза за лучшее произведение по естествознанию и охране природы а Национальная академия наук США назвала ее лучшей книгой года.
521 Примеч. о цел. назн. __
a Примеч. о целев. назн. Дополнительное образование взрослых
650 Тематические рубрики __
a Основная рубрика Биологические науки
655 Указ. предметных рубрик (устаревшее) __
a Жанр/ форма (устаревшее) Научно-популярная литература
856 Электронный адрес документа 4_
a Имя сервера/домена znanium.ru
m Помощь ebs_support@infra-m.ru
n Местонахождение сервера НИЦ ИНФРА-М
u URL https://znanium.ru/catalog/document?id=474041
856 Электронный адрес документа 48
a Имя сервера/домена znanium.ru
d Путь /cover/2236
f Электронное имя 2236027.jpg
q Тип электронного формата image/jpeg
u URL https://znanium.ru/cover/2236/2236027.jpg
911 __
u 0030=https://znanium.ru/catalog/document?id=474041